Dívka v modrém /
Román, jehož autorem je Felix de la Cámara a který se dočkal i slavné filmové adaptace s herečkou Lídou Baarovou v hlavní roli. Obsah: Notář Jan Karas je svobodný, finančně dobře zajištěný, není tedy divu, že budí zájem vdavekchtivých žen. Vdova Smutná ho loví pro sebe, paní Smrčínská zase pro svou...
Uloženo v:
| Hlavní autor: | |
|---|---|
| Médium: | E-kniha |
| Jazyk: | Czech |
| Vydáno: |
Praha :
Franz Gilles von Jilek,
2024
|
| Tagy: |
Žádné tagy |
| LEADER | 01789nam a22002297i 4500 | ||
|---|---|---|---|
| 001 | 312226 | ||
| 007 | ta | ||
| 008 | 260601s2024 xr ||||| |||| 00| 0 cze d | ||
| 020 | |a 9990003946669 | ||
| 044 | |a xr | ||
| 100 | 1 | |a Achilles de la Cámara, Felix |4 aut | |
| 245 | 1 | 0 | |a Dívka v modrém / |c Achilles de la Cámara, Felix |
| 264 | 1 | |a Praha : |b Franz Gilles von Jilek, |c 2024 | |
| 300 | |a 1 online zdroj (112 stran) | ||
| 336 | |a text |b txt |2 rdacontent | ||
| 337 | |a bez média |b n |2 rdamedia | ||
| 338 | |a online zdroj |b cr |2 rdacarrier | ||
| 520 | 2 | |a Román, jehož autorem je Felix de la Cámara a který se dočkal i slavné filmové adaptace s herečkou Lídou Baarovou v hlavní roli. Obsah: Notář Jan Karas je svobodný, finančně dobře zajištěný, není tedy divu, že budí zájem vdavekchtivých žen. Vdova Smutná ho loví pro sebe, paní Smrčínská zase pro svou dceru Slávinku. Jan se ovšem zamiloval do dívky na starém obraze, jenž mu byl svěřen do úschovy. Obraz ho úplně uhranul, celé hodiny vysedává před podobiznou krásky v modrých šatech. Jednoho dne neodolá a políbí rty na plátně. V tu chvíli se stane zázrak: polibek je opětován, dívka vystoupí z obrazu a barokní češtinou mu děkuje za vysvobození. Doktor Karas je zcela vyveden z míry. Zbláznil se snad? A to je pouhý začátek zmatků, které tajemná komtesa Blanka vnese do jeho života… | |
| 910 | |a RBIT002 | ||
| 998 | |d 394666 |a https://core.palmknihy.cz/api/books/394666/cover?s7cn8f |b https://core.palmknihy.cz/api/books/394666/cover/400?s7cn8f |c https://core.palmknihy.cz/api/books/394666/cover/50?s7cn8f |e |g 112 |i 9990003946669 |j https://core.palmknihy.cz/api/books/394666/preview.epub |l |q 49 |r 1 |s https://www.palmknihy.cz/kniha/394666 |t ebook |y 2024 |z 1 | ||
| 999 | |d 312224 | ||